Gemeinden Alb-Donau-Kreis mit Karte - Statistiken

Allgemein
  • Dieses Quiz wurde 63 mal gespielt
  • Das Durchschnittsergebnis liegt bei 16 aus 55
Antworten auf der Karte
Die Antworten werden auf der Karte rot bzw. grün angezeigt, abhängig davon wie oft sie richtig erraten wurden.
 
Antwortstatistiken
Antwort % Korrekt
Ehingen
96%
Blaustein
85%
Blaubeuren
77%
Laichingen
58%
Merklingen
58%
Munderkingen
58%
Schelklingen
58%
Erbach
54%
Allmendingen
50%
Altheim
50%
Altheim
50%
Langenau
50%
Oberstadion
46%
Unterstadion
46%
Dornstadt
42%
Illerkirchberg
35%
Obermarchtal
35%
Untermarchtal
35%
Westerheim
35%
Amstetten
31%
Heroldstatt
31%
Rottenacker
31%
Beimerstetten
27%
Illerrieden
27%
Lonsee
27%
Öpfingen
27%
Berghülen
23%
Bernstadt
23%
Griesingen
23%
Nellingen
23%
Oberdischingen
23%
Dietenheim
19%
Emerkingen
19%
Hausen
19%
Staig
19%
Westerstetten
19%
Asselfingen
15%
Holzkirch
15%
Lauterach
15%
Rechtenstein
15%
Weidenstetten
15%
Balzheim
12%
Emeringen
12%
Grundsheim
12%
Öllingen
12%
Rammingen
12%
Unterwachingen
12%
Ballendorf
8%
Börslingen
8%
Breitingen
8%
Hüttisheim
8%
Neenstetten
8%
Nerenstetten
8%
Setzingen
8%
Schnürpflingen
4%
Keine übereinstimmenden Quizze gefunden
Verteilung der Resultate
Anzahl Personen mit jedem Resultat
Perzentil nach korrekt beantworteten Fragen
Ihre Resultats-Entwicklung
Sie haben dieses Quiz noch nicht gespielt